000 00664cam a2200241 4500
008 090401t1996 xxu||||| |||| 00| 0 eng d
020 _a0582288754
035 _a(Sirsi) u48210
041 _aeng
050 _a692.8
100 _aAshworth, Allan
245 _aContractual procedures in the construction industry.
250 _a3rd ed.
260 _aHarlow
_bAddison Wesley Longman
_c1996
300 _aviii381p. ; 24cm.
350 _a19.99
650 _aBUILT ENVIRONMENT-BUILDING CONTRACT FORMS
650 _aCONTRACT LAW
650 _aProcurement-old
690 _aBUILT ENVIRONMENT-BUILDING CONTRACT FORMS
942 _n0
948 _c04/03/1997
999 _c92300
_d92300